000 00911nam a22002537a 4500
999 _c14189
_d14189
003 MIRAKIL
005 20201112164628.0
008 201112b tu ||||| |||| 00| 0 tur d
040 _aTR-AnCHP
_btur
_cTR-AnCHP
041 _atur
082 _aATA 956.1024
_bM85t 1981
100 _aMumcu, Ahmet
245 _aTarih açısından Türk devriminin temelleri ve gelişimi/
_cAhmet Mumcu.
246 _aTürk devriminin temelleri ve gelişimi
250 _a6. bs.
260 _aİstanbul:
_bİnkılap ve Aka Kitabevleri,
_c1981.
300 _axvi, 224 s.:
_btbl.
_c23 sm.
500 _aKaynakça ve dizin vardır.
600 _aAtatürk, Mustafa Kemal
_d1881-1938
_xAtatürk devrimleri
650 _aAtatürk devrimleri
_zTürkiye
651 _aTürkiye
_xTarih
_yKurtuluş Savaşı, 1918-1923
856 _zDijital Nüshası için Partimizin Kütüphane Sorumlusu ile iletişime geçiniz.
942 _2ddc
_cBKS